000 00834cam a2200217 4500
001 WB3641-01
008 000000n2000 000 0 eng u
035 _a(Sirsi) u108865
245 _aWith all proper reserve
260 _c2000
490 _aEstates Gazette
_v(0041) 14 October 2000, 208(1)
520 _aDiscusses "Barry v Heathcote Ball & Co (Commercial Auctions) Ltd" and the subsequent CA ruling which affirms that a 'without reserve' clause must be upheld. Also highlights that an auctioneer who refuses to sell is liable for the bidder's lost sale.
590 _aWB
650 _aBARRY V HEATHCOTE BALL & CO (COMMERCIAL AUCTIONS) LTD
650 _aAUCTION SALES
650 _aSALE OF GOODS ACT 1979 S57(2)
650 _aRESERVES
650 _aCOLLATERAL CONTRACTS
690 _aAuctioneering
_96218
942 _n0
999 _c64992
_d64992